000 00329nam a22001337a 4500
008 181106b xxu||||| |||| 00| 0 eng d
020 _a9780132319133
041 _aeng
080 _26th
_a510
100 _a37
101 _amat
245 _aExcursions In Modern Mathematics With MiniExcursions
_cPeter.T
942 _2udc
_cBK
999 _c51984
_d51984